000
00171nam a2200073Ia 4500
008
170524s9999 xx 000 0 und d
100
_a
KEVIN- S
245
0
_a
PORTFOLIO MANAGEMENT
260
_b
PHI NEW DELHI
999
_c
8126
_d
8126